| Tag |
First Indicator |
Second Indicator |
Subfields |
| LEADER |
00000cam a2200000 a 4500 |
| 001 |
in00000939921 |
| 005 |
20150926132704.0 |
| 007 |
hd afv|||baca |
| 007 |
hd bfv|||baaa |
| 008 |
880115s1680 miu a 00010 eng d |
| 035 |
|
|
|a (OCoLC)17349142
|
| 035 |
|
|
|9 AET9405AM
|
| 037 |
|
|
|a CL0037000036
|b University Microfilms International
|
| 037 |
|
|
|b University Microfilms International, 300 N. Zeeb Rd., Ann Arbor, MI 48106
|
| 040 |
|
|
|a EAH
|c EAH
|d UtOrBLW
|
| 043 |
|
|
|a e-uk-en
|
| 045 |
|
|
|a u-u-
|
| 049 |
|
|
|a TXAI
|
| 090 |
|
|
|a BX4815
|b .T54
|
| 099 |
|
|
|a film
|a B
|a 3609
|
| 100 |
1 |
|
|a Tillotson, John,
|d 1630-1694.
|
| 245 |
1 |
4 |
|a The Protestant religion vindicated, from the charge of singularity and novelty :
|b in a sermon preached before the King at White-Hall, April the 2d, 1680 /
|c by John Tillotson ...
|
| 264 |
|
3 |
|a Dublin :
|b Printed by Benjamin Took and John Crook ... and are to be sold by Mary Crook ...,
|c 1680.
|
| 300 |
|
|
|a 16 pages
|
| 336 |
|
|
|a text
|b txt
|2 rdacontent
|
| 337 |
|
|
|a microform
|b h
|2 rdamedia
|
| 338 |
|
|
|a microfilm reel
|b hd
|2 rdacarrier
|
| 500 |
|
|
|a Running title: A sermon preached before the King.
|
| 500 |
|
|
|a "Published by His Majesties special command."
|
| 500 |
|
|
|a Reproduction of original in the Cambridge University Library.
|
| 510 |
4 |
|
|a Wing
|c T1215
|
| 533 |
|
|
|a Microfilm.
|b Ann Arbor, Mich. :
|c University Microfilms,
|d 1980.
|e 1 microfilm reel ; 35 mm.
|f (Early English books, 1641-1700, 1105:3)
|
| 500 |
|
|
|a Microform.
|
| 650 |
|
0 |
|a Protestantism
|x Sermons.
|
| 630 |
0 |
0 |
|a Bible.
|p Joshua XXIV, 15
|x Sermons.
|
| 650 |
|
0 |
|a Sermons, English
|y 17th century.
|
| 740 |
2 |
|
|a A sermon preached before the King.
|
| 830 |
|
0 |
|a Early English books, 1641-1700 ;
|v 1105:3.
|
| 999 |
|
|
|a MARS
|
| 999 |
f |
f |
|s 410c30a0-fb9d-3ed7-837b-27da194b4063
|i 4d4a988d-ca8d-39a8-92dc-107d100fa411
|t 0
|
| 952 |
f |
f |
|p default
|a Texas A&M University
|b College Station
|c Sterling C. Evans Library
|d Evans: Microforms (3rd floor)
|t 0
|e film B 3609 1105:3
|h Other scheme
|i microform -- microfilm reel
|
| 998 |
f |
f |
|a film B 3609 1105:3
|t 0
|l Evans: Microforms (3rd floor)
|